[Event "Fuerzas del Sur"]
[Site "Fuerzas del Sur"]
[Date "2012.02.10"]
[Round "4"]
[White "Caceres Leal, Jaime"]
[Black "Henriquez Pacheco, Daniel"]
[Result "0-1"]
[WhiteElo "2122"]
[BlackElo "2180"]
[PlyCount "76"]
[EventDate "2012.02.09"]
[EventType "tourn"]
[EventRounds "7"]
[EventCountry "CHI"]
[SourceTitle "CBM 147 Extra"]
[Source "ChessBase"]
[SourceDate "2012.04.24"]
[SourceVersion "1"]
[SourceVersionDate "2012.04.24"]
[SourceQuality "1"]

1. e4 e5 2. Nf3 Nc6 3. d4 exd4 4. Nxd4 Nf6 5. Nxc6 bxc6 6. e5 Qe7 7. Qe2 Nd5 8. c4 Ba6 9. Nd2 0-0-0 10. Qe4 Nb6 11. c5 Bxf1 12. cxb6 Ba6 13. bxa7 Kb7 14. Nb3 f6 15. Be3 Qb4+ 16. Nd2 Qxe4 17. Nxe4 Bb4+ 18. Kd1 Rhe8 19. a3 Rxe5 20. Nxf6 Be7 21. Bd4 Rf5 22. g4 Rf3 23. Kc2 Bxf6 24. Be3 d5 25. g5 d4 26. Bd2 d3+ 27. Kb3 Rxf2 28. gxf6 Rxd2 29. fxg7 c5 30. Rag1 c4+ 31. Ka4 Kb6 32. Rg5 c5 33. Rxc5 Kxc5 34. Ka5 Bb7 35. Rf1 Rxb2 36. Rf8 Rb5+ 37. Ka4 Bc6 38. Rf5+ Kb6 0-1